[Event "Reykjavik Open 2024"]
[Site "Reykjavik ISL"]
[Date "2024.03.15"]
[Round "1.122"]
[White "Skjoldebrand, Martin"]
[Black "Winnubst, Paul"]
[Result "0-1"]
[WhiteElo "1884"]
[BlackElo "1681"]
[WhiteFideId "1711911"]
[BlackFideId "40101460"]
[EventDate "2024.03.15"]

1. d4 d5 2. c4 e6 3. Nc3 Nf6 4. cxd5 exd5 5. Bg5 c6 6. e3 Bd6 7. Bd3 O-O 8. Qc2
h6 9. Bh4 Re8 10. Nge2 a5 11. O-O Bxh2+ 12. Kh1 Bd6 13. Rac1 Nbd7 14. Na4 Qc7
15. Nc5 Be7 16. Bg3 Bd6 17. Bh4 Nxc5 18. dxc5 Be7 19. Bg3 Qd8 20. Nd4 Nd7 21. b4
axb4 22. Nb3 Bh4 23. Bh2 Bf6 24. Qd2 Bc3 25. Rxc3 bxc3 26. Qxc3 Qf6 27. Qd2 Ne5
28. Bb1 Nf3 29. Qb4 Nxh2 30. Kxh2 Re5 31. Kg1 Rh5 32. Nd4 Qh4 33. f3 Qh2+ 34.
Kf2 Bh3 35. Rg1 Rg5 36. Qxb7 Rb8 0-1

[Event "Reykjavik Open 2024"]
[Site "Reykjavik ISL"]
[Date "2024.03.15"]
[Round "1.123"]
[White "Seshadri, Sridhar"]
[Black "Spagnoli, Benjamin"]
[Result "1-0"]
[WhiteElo "1680"]
[BlackElo "1883"]
[WhiteFideId "30913942"]
[BlackFideId "20667116"]
[EventDate "2024.03.15"]

1. d4 d5 2. e3 Nf6 3. Bd3 c5 4. c3 Nc6 5. Nd2 e6 6. Ngf3 Bd6 7. h3 Qc7 8. O-O
O-O 9. e4 cxd4 10. cxd4 dxe4 11. Nxe4 Be7 12. Bg5 Nxe4 13. Bxe4 Bxg5 14. Nxg5 g6
15. Bxc6 Qxc6 16. Qb3 b6 17. Rac1 Qd6 18. Rfd1 Bb7 19. Qe3 Qd5 20. f3 Qxa2 21.
Rc7 Bd5 22. Qf4 Qa4 23. Rdc1 e5 24. Qxe5 Qb3 25. R1c3 Qd1+ 26. Kh2 Rad8 27. Qf6
h6 28. Nxf7 Bxf7 29. Rxf7 Rxf7 30. Qxd8+ Kg7 31. Rc8 g5 32. Qh8+ Kg6 33. Rc6+
Kf5 34. Qe5# 1-0

[Event "Reykjavik Open 2024"]
[Site "Reykjavik ISL"]
[Date "2024.03.15"]
[Round "1.124"]
[White "Carey, Michael"]
[Black "Hildebrandt, Paul"]
[Result "1-0"]
[WhiteElo "1880"]
[BlackElo "1679"]
[WhiteFideId "30923760"]
[BlackFideId "34643702"]
[EventDate "2024.03.15"]

1. Nf3 f5 2. c4 e6 3. g3 Nf6 4. Bg2 b6 5. Ne5 d5 6. O-O Bb7 7. d4 Nbd7 8. Bg5
Be7 9. Qa4 O-O 10. Nc6 Bxc6 11. Qxc6 Bd6 12. cxd5 Qe7 13. dxe6 Qxe6 14. Nc3 Rac8
15. Rfe1 Kh8 16. Bh3 h6 17. Bf4 g5 18. Bd2 Nb8 19. Qa4 a5 20. e4 Qf7 21. Qb3 Bb4
22. Qxf7 Rxf7 23. Bxf5 Rd8 24. a3 Be7 1-0

[Event "Reykjavik Open 2024"]
[Site "Reykjavik ISL"]
[Date "2024.03.15"]
[Round "1.125"]
[White "Gulbinski, Michal"]
[Black "Ozbas, Burak"]
[Result "1/2-1/2"]
[WhiteElo "1671"]
[BlackElo "1876"]
[WhiteFideId "21086079"]
[BlackFideId "6323480"]
[EventDate "2024.03.15"]

1. d4 Nf6 2. Nf3 d5 3. Bf4 e6 4. e3 Bd6 5. Bg3 O-O 6. Bd3 b6 7. c3 c5 8. Nbd2
Bb7 9. Ne5 Nc6 10. f4 Ne7 11. Bh4 Ne4 12. g4 f6 13. Nef3 Qc7 14. Qe2 c4 15. Bc2
b5 16. Nxe4 dxe4 17. Nd2 f5 18. Bxe7 Qxe7 19. h4 Bxf4 20. exf4 e3 21. Ne4 Bxe4
22. Bxe4 fxe4 23. Qxe3 Qf6 24. Qxe4 Rad8 25. O-O-O Qxf4+ 26. Qxf4 Rxf4 27. Rhg1
Rf2 28. Rde1 Rdf8 29. Rxe6 Rh2 30. Rge1 h6 31. g5 hxg5 32. hxg5 Rff2 33. g6 Rc2+
34. Kb1 Rxb2+ 35. Ka1 Rxa2+ 36. Kb1 Rab2+ 37. Kc1 Rbc2+ 38. Kb1 Rcf2 39. Re8+
Rf8 40. Rxf8+ Kxf8 41. Rf1+ Kg8 42. Re1 Rf2 43. Re8+ Rf8 44. Re7 Ra8 45. Rb7 a6
46. Kb2 Kf8 47. Rf7+ Kg8 48. Rb7 Kf8 49. Ka3 Re8 50. Rf7+ Kg8 51. Ra7 Kf8 52.
Kb4 Re6 53. Kc5 Rxg6 54. d5 Rg3 55. d6 1/2-1/2

[Event "Reykjavik Open 2024"]
[Site "Reykjavik ISL"]
[Date "2024.03.15"]
[Round "1.126"]
[White "Bjarnason, Snorri Vikanes"]
[Black "Aoun, Karim"]
[Result "1-0"]
[WhiteElo "1875"]
[BlackElo "1670"]
[WhiteFideId "1539833"]
[BlackFideId "5314216"]
[EventDate "2024.03.15"]

1. Nf3 d5 2. g3 Nf6 3. Bg2 c5 4. O-O Nc6 5. d4 e6 6. dxc5 Bxc5 7. c4 h6 8. Nc3
a6 9. Bf4 O-O 10. Rc1 Re8 11. Ne5 g5 12. Nxc6 bxc6 13. Be5 Bd6 14. Bxd6 Qxd6 15.
cxd5 cxd5 16. e4 Bb7 17. Re1 Qb4 18. exd5 Nxd5 19. Qh5 Kg7 20. Ne4 f5 21. Nc5
Nf6 22. Qe2 Bxg2 23. Nxe6+ Rxe6 24. Qxe6 Be4 25. Rc7+ Kg6 26. Qf7# 1-0

[Event "Reykjavik Open 2024"]
[Site "Reykjavik ISL"]
[Date "2024.03.15"]
[Round "1.127"]
[White "Blewett, John"]
[Black "Jonsson, Johann"]
[Result "0-1"]
[WhiteElo "1668"]
[BlackElo "1875"]
[WhiteFideId "343414109"]
[BlackFideId "2321688"]
[EventDate "2024.03.15"]

1. d4 d5 2. Nc3 Nf6 3. Bf4 c6 4. e3 g6 5. Bd3 Bg7 6. Nge2 Nbd7 7. e4 dxe4 8.
Nxe4 Nxe4 9. Bxe4 Nf6 10. Bd3 Qb6 11. Rb1 Nd5 12. Be3 Be6 13. c4 Nb4 14. d5
Nxd3+ 15. Qxd3 Qb4+ 16. Bd2 Qd6 17. Qb3 cxd5 18. Qxb7 O-O 19. Bb4 Qe5 20. Qxe7
Rfe8 21. Qh4 Bf5 0-1

[Event "Reykjavik Open 2024"]
[Site "Reykjavik ISL"]
[Date "2024.03.15"]
[Round "1.129"]
[White "Gilsdottir, Sara"]
[Black "Fanos, Haralambos"]
[Result "0-1"]
[WhiteElo "1667"]
[BlackElo "1872"]
[WhiteFideId "1574337"]
[BlackFideId "4249208"]
[EventDate "2024.03.15"]

1. d4 d5 2. c4 e6 3. Nc3 c6 4. Nf3 dxc4 5. a4 Bb4 6. Bd2 a5 7. e3 b5 8. Be2 Bb7
9. O-O Nf6 10. Qc2 Bxc3 11. bxc3 Qc7 12. e4 Nbd7 13. e5 Nd5 14. Ng5 N7b6 15. f4
Ne7 16. Bh5 g6 17. Bf3 Nbd5 18. Bxd5 Nxd5 19. Ne4 h6 20. Nd6+ Kf8 21. axb5 cxb5
22. Rf2 Ba6 23. Qa2 b4 24. Qxa5 Bb7 25. Qxa8+ Bxa8 26. Rxa8+ Kg7 27. Rxh8 Kxh8
28. cxb4 c3 29. Bc1 Nxb4 30. Ba3 c2 31. Bc1 Qa7 32. Nb5 Qa1 33. Rf1 Nd3 34. Na3
Qxd4+ 35. Kh1 Nf2+ 36. Kg1 Nh3+ 37. Kh1 Qg1+ 38. Rxg1 Nf2# 0-1

[Event "Reykjavik Open 2024"]
[Site "Reykjavik ISL"]
[Date "2024.03.15"]
[Round "1.131"]
[White "Leliveld, Andrew"]
[Black "Manenschijn, Wouter"]
[Result "0-1"]
[WhiteElo "1657"]
[BlackElo "1864"]
[WhiteFideId "2645327"]
[BlackFideId "1043366"]
[EventDate "2024.03.15"]

1. e4 e5 2. Bc4 Nf6 3. d4 exd4 4. Nf3 Nc6 5. O-O Nxe4 6. Re1 d5 7. Bxd5 Qxd5 8.
Nc3 Qh5 9. Nxe4 Be6 10. Neg5 O-O-O 11. Nxe6 fxe6 12. Rxe6 Bd6 13. Bg5 Rdf8 14.
h4 h6 15. Bd2 g5 16. c3 g4 17. Nxd4 Nxd4 18. cxd4 Qxh4 19. g3 Bxg3 20. fxg3
Qxg3+ 21. Kh1 Rf2 0-1

[Event "Reykjavik Open 2024"]
[Site "Reykjavik ISL"]
[Date "2024.03.15"]
[Round "1.132"]
[White "Hauksdottir, Hrund"]
[Black "Perry, Andrew Blair"]
[Result "1-0"]
[WhiteElo "1859"]
[BlackElo "1654"]
[WhiteFideId "2302608"]
[BlackFideId "30958563"]
[EventDate "2024.03.15"]

1. e4 e6 2. d4 d5 3. Nc3 Nf6 4. exd5 exd5 5. Nf3 c6 6. Bd3 Bd6 7. O-O O-O 8. Bg5
h6 9. Bh4 Nbd7 10. Re1 Re8 11. Rxe8+ Qxe8 12. Qd2 Qf8 13. Re1 Nh5 14. Ne5 g5 15.
Bxg5 hxg5 16. Qxg5+ Ng7 17. Qh4 f5 18. g4 Be7 19. Qh6 Nxe5 20. dxe5 Bd7 21. Ne2
Kf7 22. Nf4 Ke8 23. Ng6 Qg8 24. Nf4 Kd8 25. Qg6 Be8 26. Qxg7 Qxg7 27. Ne6+ Kd7
28. Nxg7 fxg4 29. Bf5+ Kc7 30. Nxe8+ Rxe8 31. Bxg4 Bc5 32. Re2 Bd4 33. Kg2 Rxe5
34. b3 Rxe2 35. Bxe2 Kd6 36. f4 b6 37. Kf3 Ke7 38. Kg4 Kf6 39. h4 Kg7 40. Ba6 c5
41. Bb7 Bf6 42. Bxd5 Be7 43. h5 Bf6 44. Kf5 Bh4 45. Ke6 Bf6 46. h6+ 1-0

[Event "Reykjavik Open 2024"]
[Site "Reykjavik ISL"]
[Date "2024.03.15"]
[Round "1.133"]
[White "Eustratiadis, Panagiotis"]
[Black "Smith, Alexander"]
[Result "0-1"]
[WhiteElo "1653"]
[BlackElo "1857"]
[WhiteFideId "40100448"]
[BlackFideId "30996910"]
[EventDate "2024.03.15"]

1. e4 c5 2. g3 Nc6 3. Bg2 Nf6 4. Ne2 d5 5. exd5 Nxd5 6. d4 Bf5 7. O-O e6 8. c3
Be7 9. dxc5 Bxc5 10. Qb3 O-O 11. Na3 Na5 12. Qa4 Bd3 13. Re1 Qb6 14. Nd4 Nc6 15.
Nc4 Bxc4 16. Qxc4 Nxd4 17. cxd4 Bxd4 18. Qe2 Rfd8 19. Rb1 Rac8 20. Bg5 f6 21.
Be3 Bxe3 22. fxe3 Nb4 23. Rbc1 Nxa2 24. Rxc8 Rxc8 25. Qg4 Nb4 26. Re2 Nd3 27.
Be4 f5 28. Bxf5 exf5 29. Qxf5 Rd8 30. Qg5 h6 31. Qh4 Nxb2 32. Rxb2 Rd1+ 33. Kf2
Qxb2+ 34. Kf3 Rf1+ 0-1

[Event "Reykjavik Open 2024"]
[Site "Reykjavik ISL"]
[Date "2024.03.15"]
[Round "1.134"]
[White "Abbott, James"]
[Black "Imam-Sadeque, Ali"]
[Result "1-0"]
[WhiteElo "1852"]
[BlackElo "1652"]
[WhiteFideId "2078082"]
[BlackFideId "343422500"]
[EventDate "2024.03.15"]

1. d4 d5 2. Nf3 Nf6 3. c4 e6 4. Nc3 Bd6 5. Bg5 h6 6. Bxf6 Qxf6 7. cxd5 exd5 8.
Nxd5 Qe6 9. Nc3 O-O 10. e3 f5 11. Be2 Qg6 12. O-O f4 13. Bd3 Qh5 14. e4 g5 15.
e5 Be7 16. Nd5 Bd8 17. Qc2 Kg7 18. Nxc7 Bh3 19. gxh3 Qxf3 20. Ne6+ Kf7 21. Nxf8
Qxh3 22. Bg6+ Kxf8 23. Qf5+ Qxf5 24. Bxf5 Nc6 25. Be4 Nxd4 26. Bxb7 Rb8 27. Rfd1
Bb6 28. Bd5 Rd8 29. Bc4 Rc8 30. Bd3 Nf3+ 31. Kg2 Nxe5 32. Be4 Rc4 33. f3 Be3 34.
Rd5 Nf7 35. Rf5 Rd4 36. Bd5 Rd2+ 37. Kh1 Rxd5 38. Rxd5 Ke7 39. Rad1 Ke6 40. Kg2
h5 41. h3 Ne5 42. Rd6+ Kf5 43. R1d5 g4 44. hxg4+ hxg4 45. fxg4+ Ke4 46. Rxe5+
Kxe5 47. Rd8 Ke4 48. Re8+ Kd3 49. Kf3 Bc1 50. Rd8+ Kc2 51. Rc8+ 1-0

[Event "Reykjavik Open 2024"]
[Site "Reykjavik ISL"]
[Date "2024.03.15"]
[Round "1.136"]
[White "Jonsson, Olafur Gisli"]
[Black "Brynjarsson, Orvar Holm"]
[Result "1-0"]
[WhiteElo "1849"]
[BlackElo "1645"]
[WhiteFideId "2302705"]
[BlackFideId "2321726"]
[EventDate "2024.03.15"]

1. Nf3 Nf6 2. d4 e6 3. e3 c5 4. Bd3 cxd4 5. exd4 d5 6. Nbd2 Bd6 7. O-O O-O 8. b3
Nc6 9. Bb2 b6 10. a3 a5 11. Qe2 Re8 12. Ne5 Qc7 13. f4 Nd7 14. Bxh7+ Kh8 15. Qh5
Ndxe5 16. fxe5 1-0

[Event "Reykjavik Open 2024"]
[Site "Reykjavik ISL"]
[Date "2024.03.15"]
[Round "1.137"]
[White "Gudjonsson, Anton Vignir"]
[Black "Demir, Hilmi Mustafa"]
[Result "0-1"]
[WhiteElo "1643"]
[BlackElo "1842"]
[WhiteFideId "2323664"]
[BlackFideId "6303099"]
[EventDate "2024.03.15"]

1. e4 e5 2. Nf3 Nc6 3. Bb5 a6 4. Bxc6 dxc6 5. h3 f6 6. d3 Be6 7. Be3 Qd7 8. a3
O-O-O 9. Nc3 b6 10. Na4 c5 11. b3 Ne7 12. Nb2 Nc6 13. Bd2 g5 14. Ng1 Be7 15. Bc3
h5 16. Qd2 g4 17. O-O-O Nd4 18. Bxd4 cxd4 19. a4 gxh3 20. Nxh3 Rhg8 21. f3 a5
22. Kb1 Bb4 23. Qe2 Bc3 24. Rdg1 Bxh3 25. Rxh3 Qxh3 26. gxh3 Rxg1+ 27. Ka2 Rdg8
28. f4 R8g2 29. Qxh5 Rxc2 0-1

[Event "Reykjavik Open 2024"]
[Site "Reykjavik ISL"]
[Date "2024.03.15"]
[Round "1.138"]
[White "Ingason, Sigurdur"]
[Black "Karlinder, Lovis Neo"]
[Result "1-0"]
[WhiteElo "1840"]
[BlackElo "1642"]
[WhiteFideId "2301709"]
[BlackFideId "34664785"]
[EventDate "2024.03.15"]

1. d4 d5 2. e3 Nf6 3. Bd3 Bg4 4. Ne2 e6 5. f3 Bf5 6. Ng3 Bxd3 7. cxd3 c5 8. dxc5
Bxc5 9. d4 Bb4+ 10. Bd2 Bxd2+ 11. Qxd2 Nc6 12. Nc3 O-O 13. O-O a6 14. Na4 b6 15.
Rac1 Rc8 16. Qd3 Nb4 17. Qb3 Qd6 18. a3 b5 19. Nc5 Nc6 20. Qd3 Na5 21. b3 Nd7
22. Qc3 Nxc5 23. dxc5 Qd8 24. Rfd1 Nc6 25. b4 Qc7 26. e4 dxe4 27. Nxe4 Rcd8 28.
Nd6 f6 29. Re1 e5 30. Rcd1 Rd7 31. Rd3 Re7 32. Nf5 Rd7 33. Red1 Rfd8 34. Qb3+
Kf8 35. Rd6 Rxd6 36. cxd6 Qf7 37. Qc2 Qd7 38. Qc5 Nd4 39. Nxd4 exd4 40. Qxd4 Kf7
41. Qe4 g6 42. g3 Re8 43. Qd4 Qb7 44. Kf2 f5 45. Rc1 Rc8 46. Rc5 Kg8 47. Qe5 Rd8
48. Rc7 1-0

[Event "Reykjavik Open 2024"]
[Site "Reykjavik ISL"]
[Date "2024.03.15"]
[Round "1.139"]
[White "Schilling, Patrick T"]
[Black "Reynaud, Frederic"]
[Result "0-1"]
[WhiteElo "1633"]
[BlackElo "1840"]
[WhiteFideId "30996295"]
[BlackFideId "2624338"]
[EventDate "2024.03.15"]

1. e4 c6 2. d4 d5 3. e5 Bf5 4. h4 h6 5. g4 Bh7 6. Bd3 Bxd3 7. Qxd3 e6 8. Be3 Qb6
9. Nd2 c5 10. dxc5 Bxc5 11. Bxc5 Qxc5 12. Ngf3 Ne7 13. h5 Nd7 14. O-O-O Nc6 15.
Rde1 Nb4 16. Qb3 Rc8 17. Kb1 O-O 18. g5 hxg5 19. a3 Qxc2+ 20. Qxc2 Nxc2 21. Rc1
g4 22. Rxc2 Rxc2 23. Kxc2 gxf3 24. Nxf3 f6 25. Nd4 fxe5 26. Nxe6 Rxf2+ 27. Kc1
Nf6 28. h6 gxh6 29. Rxh6 b6 30. Ng5 Kg7 31. Rh3 Kg6 32. Rg3 Kf5 33. Nf7 Ng4 34.
Rxg4 Kxg4 35. Nxe5+ Kf5 36. Nd3 Rh2 37. Kb1 Ke4 38. Nc1 Rh1 39. Kc2 Rxc1+ 0-1

[Event "Reykjavik Open 2024"]
[Site "Reykjavik ISL"]
[Date "2024.03.15"]
[Round "1.140"]
[White "Keenan, Alex"]
[Black "Megarbane, Julien"]
[Result "1/2-1/2"]
[WhiteElo "1839"]
[BlackElo "1632"]
[WhiteFideId "2409518"]
[BlackFideId "5304300"]
[EventDate "2024.03.15"]

1. Nf3 d5 2. g3 Nf6 3. Bg2 Bf5 4. d3 Nc6 5. O-O Qd7 6. Nbd2 Bh3 7. e4 Bxg2 8.
Kxg2 e5 9. Kg1 O-O-O 10. Qe2 Be7 11. exd5 Qxd5 12. Ne4 Nxe4 13. dxe4 Nd4 14.
Nxd4 Qxd4 15. Qg4+ Kb8 16. c3 h5 17. Qf3 Qc4 18. Be3 Qe6 19. b3 g5 20. Rad1 g4
21. Qe2 Qc6 22. c4 b6 23. Rd5 Rxd5 24. cxd5 Qg6 25. Qc4 h4 26. Rc1 Bd6 27. b4
hxg3 28. fxg3 f5 29. exf5 Qxf5 30. Rf1 Qh7 31. Rf2 e4 32. Bd4 Re8 33. Be3 Rh8
34. Bd4 Re8 35. Be3 Qg7 36. Bd4 Qe7 37. Bf6 Qh7 38. Bd4 Qe7 1/2-1/2

[Event "Reykjavik Open 2024"]
[Site "Reykjavik ISL"]
[Date "2024.03.15"]
[Round "1.141"]
[White "Y Castro, Vitor Fernandez"]
[Black "Hauksson, Bjorgvin Jonas"]
[Result "1-0"]
[WhiteElo "1630"]
[BlackElo "1836"]
[WhiteFideId "44760973"]
[BlackFideId "2314223"]
[EventDate "2024.03.15"]

1. e4 e5 2. Nf3 d6 3. Bc4 Be7 4. d4 exd4 5. Nxd4 Nf6 6. Nc3 O-O 7. O-O a6 8. a4
c5 9. Nde2 Nc6 10. h3 Be6 11. Bd5 Qd7 12. Bxc6 Qxc6 13. Ng3 Rfd8 14. Bg5 h6 15.
Bxf6 Bxf6 16. Nd5 Bxd5 17. Qxd5 Qxd5 18. exd5 b5 19. axb5 axb5 20. Rxa8 Rxa8 21.
Ne4 Be7 22. b3 Ra2 23. Rc1 b4 24. g4 g6 25. f4 Kg7 26. Kg2 f6 27. Nd2 f5 28.
gxf5 g5 29. Ne4 gxf4 30. Kf3 Kf7 31. Kxf4 Bf8 32. Ke3 Ke7 33. Kd3 Bg7 34. Re1
Ra1 35. Rxa1 Bxa1 36. Kc4 Be5 37. Kb5 Kd7 38. f6 Bd4 39. f7 Bg7 40. Ng3 Kc7 41.
Nh5 Bf8 42. Nf4 Kd7 43. Ng6 1-0

[Event "Reykjavik Open 2024"]
[Site "Reykjavik ISL"]
[Date "2024.03.15"]
[Round "1.142"]
[White "Owen, Garth I"]
[Black "Saemundsson, Thor"]
[Result "1/2-1/2"]
[WhiteElo "1834"]
[BlackElo "1626"]
[WhiteFideId "10700382"]
[BlackFideId "2407493"]
[EventDate "2024.03.15"]

1. c4 b6 2. Nc3 e6 3. e4 Bb7 4. d4 Bb4 5. Bd3 f5 6. d5 Nf6 7. Bg5 fxe4 8. Bxe4
O-O 9. Ne2 exd5 10. Bxd5+ Bxd5 11. cxd5 Qe8 12. Bxf6 Rxf6 13. O-O Na6 14. a3 Bd6
15. g3 Nc5 16. Qc2 Qh5 17. b4 Qh3 18. f4 Rh6 19. Rf2 Nb7 20. Nd4 Rf8 21. Re1 Qg4
22. Qe2 Qxe2 23. Rexe2 Rg6 24. Kf1 h5 25. Nf3 c6 26. Ne5 Bxe5 27. Rxe5 h4 28.
dxc6 dxc6 29. Ne4 hxg3 30. hxg3 Nd6 31. Nxd6 Rxd6 1/2-1/2

[Event "Reykjavik Open 2024"]
[Site "Reykjavik ISL"]
[Date "2024.03.15"]
[Round "1.143"]
[White "Sveinsson, Gudmundur Peng"]
[Black "Glasschroeder, Maximilian"]
[Result "1/2-1/2"]
[WhiteElo "1620"]
[BlackElo "1833"]
[WhiteFideId "2314550"]
[BlackFideId "34652590"]
[EventDate "2024.03.15"]

1. e4 c6 2. d4 d5 3. e5 Bf5 4. h4 h5 5. Bd3 Bxd3 6. Qxd3 Qa5+ 7. Nc3 e6 8. Bd2
Qa6 9. Nf3 Qxd3 10. cxd3 Ne7 11. Na4 Nd7 12. Nc5 Nxc5 13. dxc5 Nf5 14. d4 Be7
15. Ba5 Kd7 16. Bc3 Rag8 17. Bd2 Rb8 18. Bg5 b6 19. Bxe7 Kxe7 20. cxb6 Rxb6 21.
b3 Rb4 22. Rd1 Rhb8 23. O-O Kd7 24. Rd3 a5 25. Rc1 a4 26. bxa4 Rxa4 27. a3 Rb2
28. Rdc3 Rb6 29. Rd3 Rb2 30. Rdc3 Ra6 31. Ra1 g6 32. g3 Ra4 33. Rac1 Ra6 34. Ra1
Ra4 35. Rac1 1/2-1/2

[Event "Reykjavik Open 2024"]
[Site "Reykjavik ISL"]
[Date "2024.03.15"]
[Round "1.144"]
[White "Novak, Vjekoslav"]
[Black "Hasini, Kamabathula"]
[Result "1/2-1/2"]
[WhiteElo "1833"]
[BlackElo "1612"]
[WhiteFideId "14511584"]
[BlackFideId "25712837"]
[EventDate "2024.03.15"]

1. f4 d5 2. Nf3 Nf6 3. e3 e6 4. b3 Be7 5. Bb2 b6 6. Be2 Bb7 7. O-O O-O 8. Ne5
Nfd7 9. d4 Nxe5 10. fxe5 Bg5 11. Qd3 Ba6 12. c4 Nd7 13. Nd2 f6 14. Bg4 Qe7 15.
Qc3 fxe5 16. Rxf8+ Rxf8 17. dxe5 c5 18. Nf3 Bh6 19. Ba3 1/2-1/2

[Event "Reykjavik Open 2024"]
[Site "Reykjavik ISL"]
[Date "2024.03.15"]
[Round "1.145"]
[White "Beyerle, Gregor"]
[Black "Dhruv Rattan"]
[Result "0-1"]
[WhiteElo "1610"]
[BlackElo "1831"]
[WhiteFideId "34614494"]
[BlackFideId "45007993"]
[EventDate "2024.03.15"]

1. d4 Nf6 2. c4 e6 3. Nf3 b6 4. g3 Bb7 5. Bg2 Be7 6. Nc3 O-O 7. O-O Na6 8. d5
Bb4 9. Ng5 Bxc3 10. bxc3 h6 11. dxe6 Bxg2 12. Nxf7 Qe7 13. Kxg2 Qxe6 14. Nxh6+
gxh6 15. Bxh6 Rf7 16. Qc1 Ng4 17. Bg5 Qxe2 18. Bf4 Raf8 19. Qb1 Ne5 20. Qe1 Qf3+
21. Kg1 Ng4 22. h3 Rh7 23. Qd1 Rxf4 24. gxf4 Qxh3 25. Qd5+ Kh8 26. Qg2 Qh5 27.
Rfe1 Nh2 28. Qa8+ Nb8 29. Qxb8+ Kg7 30. Re7+ Kh6 31. Qf8+ Kg6 32. Qg8+ Kf6 33.
Qg5+ Qxg5+ 34. fxg5+ Kxe7 35. g6 Rh6 36. g7 Kf7 37. Kg2 Ng4 38. Rg1 Rg6 39. f3
Ne3+ 40. Kf2 Rxg1 0-1

[Event "Reykjavik Open 2024"]
[Site "Reykjavik ISL"]
[Date "2024.03.15"]
[Round "1.146"]
[White "Carr, Jay"]
[Black "Clare, Philip"]
[Result "0-1"]
[WhiteElo "1826"]
[BlackElo "1607"]
[WhiteFideId "30922690"]
[BlackFideId "343413315"]
[EventDate "2024.03.15"]

1. Nf3 c5 2. b3 Nc6 3. e3 e6 4. Bb2 Nf6 5. c4 Be7 6. Be2 d5 7. cxd5 exd5 8. O-O
Bf5 9. d3 O-O 10. Nh4 Be6 11. f4 Ng4 12. Bxg4 Bxh4 13. f5 Bf6 14. Nc3 Bc8 15.
Bf3 Bxf5 16. Qe1 Nb4 17. e4 dxe4 18. dxe4 Bg6 19. a3 Nd3 20. Rd1 Qd4+ 0-1

[Event "Reykjavik Open 2024"]
[Site "Reykjavik ISL"]
[Date "2024.03.15"]
[Round "1.146"]
[White "Carr, Jay"]
[Black "Clare, Philip"]
[Result "0-1"]
[WhiteElo "1826"]
[BlackElo "1607"]
[WhiteFideId "30922690"]
[BlackFideId "343413315"]
[EventDate "2024.03.15"]

1. Nf3 c5 2. b3 Nc6 3. e3 e6 4. Bb2 Nf6 5. c4 Be7 6. Be2 d5 7. cxd5 exd5 8. O-O
Bf5 9. d3 O-O 10. Nh4 Be6 11. f4 Ng4 12. Bxg4 Bxh4 13. f5 Bf6 14. Nc3 Bc8 15.
Bf3 Bxf5 16. Qb1 Nb4 17. e4 dxe4 18. dxe4 Bg6 19. a3 Nd3 20. Qd1 Qd4+ 0-1

[Event "Reykjavik Open 2024"]
[Site "Reykjavik ISL"]
[Date "2024.03.15"]
[Round "1.147"]
[White "Chilton, James I"]
[Black "De Castro, Manuel"]
[Result "1-0"]
[WhiteElo "1823"]
[BlackElo "1603"]
[WhiteFideId "423009"]
[BlackFideId "651002493"]
[EventDate "2024.03.15"]

1. d4 d5 2. c4 Nc6 3. cxd5 Qxd5 4. Nf3 e5 5. Nc3 Bb4 6. Bd2 Bxc3 7. Bxc3 e4 8.
Ne5 Nxe5 9. dxe5 Qxd1+ 10. Rxd1 Be6 11. a3 f6 12. e3 a6 13. Be2 f5 14. O-O Ne7
15. Rd2 O-O 16. Rc1 Nd5 17. Bc4 c6 18. Bb4 Rfd8 19. Bd6 Rac8 20. b4 Kf7 21. Rd4
g5 22. Re1 g4 23. Kf1 h5 24. Ke2 Nc3+ 25. Kd2 Nd5 26. Be2 h4 27. f3 gxf3 28.
gxf3 Rg8 29. fxe4 Ne7 30. Bh5+ Ng6 31. exf5 Bxf5 32. Rf1 Ke6 33. e4 Nf4 34.
exf5+ Kxf5 35. Rfxf4+ Kg5 36. Bf7 Rh8 1-0

[Event "Reykjavik Open 2024"]
[Site "Reykjavik ISL"]
[Date "2024.03.15"]
[Round "1.149"]
[White "Gilsson, Asmund"]
[Black "Atharva M Parulekar"]
[Result "0-1"]
[WhiteElo "1821"]
[BlackElo "1580"]
[WhiteFideId "1541242"]
[BlackFideId "35007190"]
[EventDate "2024.03.15"]

1. d4 d5 2. c4 e6 3. Nc3 Nf6 4. cxd5 exd5 5. Bg5 Nbd7 6. Nxd5 Nxd5 7. Bd2 N7f6
8. e3 Ne4 9. a3 Be7 10. Bd3 Ndf6 11. Ne2 c6 12. O-O O-O 13. f3 Nxd2 14. Qxd2 c5
15. Rac1 cxd4 16. Nxd4 Bd7 17. Rfd1 Rc8 18. Qe1 Bc5 19. Nf5 Qb6 20. Kh1 g6 21.
b4 Bxf5 22. Bxf5 gxf5 23. bxc5 Rxc5 24. Rb1 Qc7 25. Qh4 Ne8 26. Qd4 Rc6 27. Qxa7
Ra6 28. Qd4 Rxa3 29. Rb6 Rc3 30. Rxb7 Qc5 31. Qxc5 Rxc5 32. Kg1 Rc2 33. Rb5 Ng7
34. Rd7 Re2 35. Rb3 Ne6 36. Rd5 Rc8 37. Kf1 Ra2 38. Rbd3 Rcc2 39. Ke1 Rxg2 40.
Rd2 Raxd2 41. Rxd2 Rxd2 42. Kxd2 Ng5 43. Ke2 Kg7 44. h4 Ne6 45. Kf2 Kf6 46. Kg3
h5 47. Kf2 Ke5 48. Kg3 f4+ 49. exf4+ Nxf4 50. Kf2 Ng6 51. Kg3 Kf5 52. Kf2 Kf4
53. Kg2 Nxh4+ 54. Kh3 Nxf3 55. Kg2 Ng5 56. Kh2 h4 57. Kg2 Kg4 58. Kh2 h3 59. Kg1
Kg3 60. Kh1 Ne4 61. Kg1 h2+ 62. Kh1 Nf2# 0-1

[Event "Reykjavik Open 2024"]
[Site "Reykjavik ISL"]
[Date "2024.03.15"]
[Round "1.150"]
[White "Eiriksson, Theodor"]
[Black "Geirsson, Kristjan"]
[Result "0-1"]
[WhiteElo "1579"]
[BlackElo "1819"]
[WhiteFideId "2322277"]
[BlackFideId "2313596"]
[EventDate "2024.03.15"]

1. d4 Nf6 2. c4 e6 3. g3 d5 4. Nf3 c6 5. Qc2 Bd6 6. Bg2 Nbd7 7. O-O O-O 8. cxd5
exd5 9. Nc3 Re8 10. Re1 h6 11. Bd2 Bb4 12. a3 Ba5 13. b4 Bb6 14. Na4 Ne4 15. Nc5
Ndxc5 16. dxc5 Bc7 17. Bc1 Bf5 18. Bb2 f6 19. Nd4 Bh7 20. Qa4 Qd7 21. Rac1 Be5
22. Ba1 h5 23. h4 Qg4 24. Nf3 Bxa1 25. Rxa1 Nxc5 26. Qd1 Ne4 27. Rc1 Qd7 28. Qb3
Kh8 29. Red1 a5 30. b5 a4 31. Qa2 Bg8 32. bxc6 bxc6 33. Qc2 c5 34. Nd2 Nxd2 35.
Rxd2 Rac8 36. Kh2 d4 37. Bh3 Be6 38. Bxe6 Rxe6 39. Qf5 Qd6 40. Qxh5+ Kg8 41. Qg4
Rce8 42. Kg2 Re4 43. Qf3 Qd5 44. Kg1 c4 45. Kf1 Qb5 46. Rcd1 c3 47. Rc2 Qb3 48.
Rdc1 Qxa3 49. Qd3 Qb3 50. Ra1 a3 51. Rca2 Qd5 52. f3 Re3 53. Qd1 d3 54. exd3
Rxd3 55. Qa4 Rxf3+ 56. Rf2 Qd3+ 57. Kg2 Rxf2+ 58. Kxf2 Re2+ 0-1